000 00306nam a2200133Ia 4500
008 191201s2014 xx 000 0 und d
100 _aJAWADEKAR,Waman S
245 0 _aManagement Information Systems
250 _aRep
260 _c2014
_bTMH
_aN. Delhi
300 _a814
650 _aME
942 _2ddc
_cBB
999 _c7649
_d7649